| 000 | 00882cam a2200277 4500 | ||
|---|---|---|---|
| 001 | 5245 | ||
| 003 | BD-RjUL | ||
| 005 | 20211208234033.0 | ||
| 008 | 131224r19621959ilu b 001 0 eng | ||
| 035 | _a(BD-RjUL)5281 | ||
| 040 |
_aDLC _cDLC _dDLC _dBD-RjUL _beng |
||
| 041 | _aeng | ||
| 082 | 0 | 0 |
_a364.360973 _bKEP 1962 |
| 100 | 1 |
_aKenney, John Paul, _d1920- _916486 |
|
| 245 | 1 | 0 |
_aPolice work with juveniles / _cby John P. Kenney and Dan G. Pursuit. |
| 250 | _a2nd ed. | ||
| 260 |
_aSpringfield, Ill. : _bThomas, _c1959 [Printing 1962]. |
||
| 300 |
_axx, 383 p. ; _c24 cm. |
||
| 504 | _aIncludes bibliographies and index. | ||
| 650 | 0 |
_aPolice services for juveniles. _916487 |
|
| 650 | 0 |
_aJuvenile justice, Administration of. _916489 |
|
| 700 | 1 |
_aPursuit, Dan George, _d1911- _ejoint author. _916491 |
|
| 942 |
_2ddc _cBK |
||
| 999 |
_c5245 _d5245 |
||